Litográfia. - 45.évf. (1948) 1.sz.

Elmentve itt :
Bibliográfiai részletek
Dokumentumtípus: Folyóirat
Megjelent: 1948
Sorozat:Litográfia : a magyarországi grafikai munkások szakközlönye 45 No. 1
Online Access:http://misc.bibl.u-szeged.hu/55289
LEADER 00493nas a2200133 i 4500
001 misc55289
005 20200504143554.0
008 200504s1948 hu o 0|| zxx d
040 |a SZTE Miscellanea Repozitórium  |b hun 
041 |a zxx 
245 0 0 |a Litográfia. - 45.évf. (1948) 1.sz.  |h [elektronikus dokumentum] 
260 |c 1948 
490 0 |a Litográfia : a magyarországi grafikai munkások szakközlönye  |v 45 No. 1 
856 4 0 |u http://misc.bibl.u-szeged.hu/55289/1/litografia_1948_001.pdf  |z Dokumentum-elérés